| 000 | 00801cam a22002535a 4500 | ||
|---|---|---|---|
| 001 | 016473077 | ||
| 003 | OSt | ||
| 005 | 20160622130332.0 | ||
| 008 | 130620t2013 mou fri 000 0 eng d | ||
| 020 | _a9781574393507 (hbk.) | ||
| 040 |
_aStDuBDS _beng _cStDuBDS _dEG-ScBUE |
||
| 082 | 0 | 4 |
_a615.10016 _bAME _222 |
| 245 | 0 | 0 |
_aAmerican drug index 2014 / _c[editors] Norman F. Billups, Shirley M. Billups. |
| 250 | _a58th ed. | ||
| 260 |
_aMissouri : _bWolters Kluwer Health, _cc.2013. |
||
| 300 |
_axiii, 1154 p. ; _c21 cm. |
||
| 650 | 0 |
_aPharmacopoeias _zUnited States _vIndexes. _2BUEsh _936202 |
|
| 650 | 0 |
_aDrugs _zUnited States _vIndexes. _2BUEsh |
|
| 651 | _2BUEsh | ||
| 653 |
_bPPhrm _cMay2016 |
||
| 700 | 1 |
_aBillups, Norman F., _eeditor. |
|
| 700 | 1 |
_aBillups, Shirley M., _eeditor. |
|
| 942 | _2ddc | ||
| 999 |
_c21819 _d21791 |
||